[Event "XXXII C.to Italiano femminile"]
[Site "Bratto - Castione della Presolana ITA"]
[Date "2005.08.26"]
[Round "7"]
[White "Panella, Fiammetta"]
[Black "Chierici, Marianna"]
[Result "1-0"]
[WhiteElo "1922"]
[BlackElo "1700"]
[PlyCount "103"]
[EventDate "2005.08.20"]

1. e4 d6 2. d4 Nf6 3. Nc3 e5 4. Nge2 Be7 5. f3 Nbd7 6. Be3 c6 7. Ng3 exd4 8.
Qxd4 Ne5 9. O-O-O Qc7 10. h3 O-O 11. f4 Ng6 12. Nf5 d5 13. Nxe7+ Qxe7 14. e5
Nh5 15. Ne2 f5 16. Rg1 Re8 17. Bd2 c5 18. Qxd5+ Be6 19. Qf3 Nh4 20. Qxh5 Ng6
21. Nc3 c4 22. Qf3 a6 23. Nd5 Qc5 24. Bb4 Qxg1 25. Nc7 Qb6 26. Nxa8 Rxa8 27.
Bc3 Re8 28. Rd6 Qc7 29. g3 Kh8 30. Bg2 Bc8 31. Qd5 b5 32. Bd4 Qa5 33. Bc3 Qc7
34. a3 Rg8 35. Qc6 Qb8 36. Qb6 Qxb6 37. Rxb6 Re8 38. Rb8 Bd7 39. Rxe8+ Bxe8 40.
Bb7 Kg8 41. Kd2 h5 42. h4 Nf8 43. Bxa6 Bc6 44. a4 Ne6 45. axb5 Bd5 46. b6 Nc5
47. Bc8 g6 48. Bd4 Nb7 49. Kc3 Na5 50. Kb4 Nc6+ 51. Kc5 Nxd4 52. Kxd4 1-0

[Event "XXXII C.to Italiano femminile"]
[Site "Bratto - Castione della Presolana ITA"]
[Date "2005.08.26"]
[Round "7"]
[White "Santurbano, Maria Vincenza"]
[Black "Brunello, Roberta"]
[Result "1-0"]
[WhiteElo "2001"]
[BlackElo "1837"]
[PlyCount "45"]
[EventDate "2005.08.20"]

1. e4 e5 2. Nf3 Nc6 3. Bb5 d6 4. d4 Bd7 5. Nc3 Nf6 6. O-O Be7 7. d5 Nb8 8. Qe2
O-O 9. h3 h6 10. Be3 a6 11. Bxd7 Nbxd7 12. b4 Nh7 13. a4 f5 14. exf5 Rxf5 15.
Ne4 Qe8 16. Qc4 Rc8 17. Ng3 Rf8 18. a5 Qg6 19. b5 Ndf6 20. bxa6 bxa6 21. Nh4
Qf7 22. Nhf5 Nxd5 23. Qxd5 1-0

[Event "XXXII C.to Italiano femminile"]
[Site "Bratto - Castione della Presolana ITA"]
[Date "2005.08.26"]
[Round "7"]
[White "Sautto, Alessandra"]
[Black "Tonel, Giulia"]
[Result "1-0"]
[WhiteElo "1958"]
[BlackElo "1793"]
[PlyCount "59"]
[EventDate "2005.08.20"]

1. d4 Nf6 2. Nf3 e6 3. e3 d5 4. Bd3 Nbd7 5. Nbd2 Be7 6. O-O b6 7. b3 Bb7 8. Bb2
O-O 9. Ne5 h6 10. c4 Re8 11. Qe2 c5 12. Rac1 Nxe5 13. dxe5 Nd7 14. f4 f6 15.
cxd5 Bxd5 16. e4 Bb7 17. Bc4 Nf8 18. f5 Bc8 19. Kh1 Kh8 20. Rcd1 fxe5 21. Bxe5
Bf6 22. Nb1 Qe7 23. Bd6 Qb7 24. Qh5 Qc6 25. e5 Bb7 26. Qe2 a6 27. exf6 exf5 28.
fxg7+ Kxg7 29. Qb2+ Kh7 30. Bxf8 1-0

[Event "XXXII C.to Italiano femminile"]
[Site "Bratto - Castione della Presolana ITA"]
[Date "2005.08.26"]
[Round "7"]
[White "Vocaturo, Ilaria"]
[Black "Fittante, Giuliana"]
[Result "0-1"]
[WhiteElo "1448"]
[BlackElo "1879"]
[PlyCount "60"]
[EventDate "2005.08.20"]

1. d4 d5 2. Nf3 Nf6 3. Bg5 Ne4 4. Bf4 c5 5. e3 Qb6 6. b3 e6 7. Bd3 Qa5+ 8. Nfd2
Bd7 9. O-O Nf6 10. c4 Nc6 11. Nf3 Be7 12. Nbd2 Nh5 13. Bg3 Nxg3 14. fxg3 O-O
15. dxc5 Qxc5 16. Qe2 Bf6 17. Rac1 Qa3 18. Nb1 Qa5 19. Kh1 Nb4 20. Qd2 Rac8 21.
cxd5 exd5 22. e4 Qb6 23. exd5 Nxd3 24. Rxc8 Rxc8 25. Qxd3 Bb5 26. Qf5 Rd8 27.
Rd1 Qf2 28. a4 Bf1 29. Nh4 Bxg2+ 30. Nxg2 Qxf5 0-1

[Event "XXXII C.to Italiano femminile"]
[Site "Bratto - Castione della Presolana ITA"]
[Date "2005.08.26"]
[Round "7"]
[White "Zanaboni, Alessandra"]
[Black "Reginato, Sabrina"]
[Result "0-1"]
[WhiteElo "1599"]
[BlackElo "1670"]
[PlyCount "124"]
[EventDate "2005.08.20"]

1. e4 c5 2. c3 d6 3. d4 cxd4 4. cxd4 Nf6 5. Nc3 e6 6. Nf3 a6 7. a4 Be7 8. Bd3
Nc6 9. O-O O-O 10. Bf4 b6 11. Re1 Bb7 12. Rc1 Rc8 13. Qe2 Nb4 14. Bb1 Re8 15.
Ng5 g6 16. e5 Nh5 17. Nh3 Nxf4 18. Nxf4 Bg5 19. Qg4 Rc4 20. Rcd1 dxe5 21. dxe5
Qe7 22. Be4 Ba8 23. Nh3 Bh6 24. Qf3 Bxe4 25. Rxe4 Qc5 26. Rxc4 Qxc4 27. Rd7 Rf8
28. Ne4 Nd5 29. g3 Qc8 30. Rd6 Qc1+ 31. Kg2 Qxb2 32. Nf6+ Kg7 33. Nxd5 exd5 34.
Qf6+ Kg8 35. Rxb6 Qd4 36. Rxa6 Bg7 37. Qf3 Bxe5 38. Ng1 Qc4 39. Qe2 Rc8 40.
Qxc4 dxc4 41. Nf3 Bb2 42. Ne1 c3 43. Kf1 c2 44. Nxc2 Rxc2 45. Rd6 Rc5 46. Rd2
Be5 47. Ra2 Ra5 48. f4 Bc7 49. Kg2 Kf8 50. Kf3 Bd6 51. Ke4 Ke7 52. Kf3 Rc5 53.
Ke4 Rc3 54. Kd5 Ra3 55. Rxa3 Bxa3 56. Kc4 Kd6 57. Kc3 Bc5 58. h3 f5 59. a5 h5
60. h4 Ba7 61. Kd3 Kd5 62. Ke2 Ke4 0-1

[Event "XXXII C.to Italiano femminile"]
[Site "Bratto - Castione della Presolana ITA"]
[Date "2005.08.27"]
[Round "8"]
[White "Ambrosi, Eleonora"]
[Black "De Rosa, Mariagrazia"]
[Result "1/2-1/2"]
[WhiteElo "2118"]
[BlackElo "2100"]
[PlyCount "54"]
[EventDate "2005.08.20"]

1. e4 c5 2. Nf3 d6 3. c3 Nf6 4. Be2 Bd7 5. d3 Nc6 6. O-O g6 7. Re1 Bg7 8. Bf1
O-O 9. h3 Rc8 10. Bg5 h6 11. Bf4 e5 12. Bh2 Re8 13. Nbd2 b5 14. a3 Qb6 15. g4
Rcd8 16. Bg2 Bc8 17. c4 a6 18. b3 Nh7 19. Nf1 Nf8 20. Ne3 Ne6 21. Nd5 Qb8 22.
Rb1 Ncd4 23. Nxd4 Nxd4 24. f4 exf4 25. Bxf4 Be6 26. Ne3 Kh7 27. Rf1 Qc8 1/2-1/2

[Event "XXXII C.to Italiano femminile"]
[Site "Bratto - Castione della Presolana ITA"]
[Date "2005.08.27"]
[Round "8"]
[White "Brunello, Marina"]
[Black "Lai, Silvia"]
[Result "1/2-1/2"]
[WhiteElo "1667"]
[BlackElo "1748"]
[PlyCount "25"]
[EventDate "2005.08.20"]

1. e4 d5 2. exd5 Qxd5 3. Nc3 Qd6 4. Nf3 Nf6 5. d4 a6 6. g3 Bg4 7. Bg2 Nc6 8.
Bf4 Qe6+ 9. Ne2 Qd5 10. Nc3 Qe6+ 11. Qe2 Qxe2+ 12. Nxe2 Nd5 13. Bd2 1/2-1/2

[Event "XXXII C.to Italiano femminile"]
[Site "Bratto - Castione della Presolana ITA"]
[Date "2005.08.27"]
[Round "8"]
[White "Chierici, Marianna"]
[Black "Mosca, Giulia"]
[Result "1-0"]
[WhiteElo "1700"]
[BlackElo "1566"]
[PlyCount "65"]
[EventDate "2005.08.20"]

1. e4 c6 2. d4 d5 3. exd5 cxd5 4. c4 Nf6 5. Nc3 Nc6 6. Nf3 Bg4 7. cxd5 Nxd5 8.
Bc4 Nf6 9. O-O e6 10. d5 Nxd5 11. Nxd5 exd5 12. Re1+ Be7 13. Qxd5 Qxd5 14. Bxd5
Rd8 15. Bxc6+ bxc6 16. Ne5 Bd7 17. Be3 f6 18. Nxd7 Rxd7 19. Rac1 Rc7 20. Bf4
Rb7 21. Rxc6 Kf7 22. Kf1 Rd8 23. a3 g5 24. Bc1 Rdd7 25. Re3 Rdc7 26. Rec3 Rd7
27. Ke2 Bd6 28. b4 h5 29. Rf3 Kg6 30. Bb2 f5 31. Rd3 Rb6 32. Rxb6 axb6 33. Bd4
1-0

[Event "XXXII C.to Italiano femminile"]
[Site "Bratto - Castione della Presolana ITA"]
[Date "2005.08.27"]
[Round "8"]
[White "Costariol, Elena"]
[Black "Santurbano, Maria Vincenza"]
[Result "1/2-1/2"]
[WhiteElo "1605"]
[BlackElo "2001"]
[PlyCount "98"]
[EventDate "2005.08.20"]

1. e4 e5 2. Nf3 Nc6 3. Bb5 a6 4. Ba4 b5 5. Bb3 Nf6 6. O-O Be7 7. Re1 d6 8. c3
Na5 9. Bc2 c5 10. d4 Qc7 11. h3 O-O 12. Nbd2 cxd4 13. cxd4 Nc6 14. Nb3 a5 15.
Be3 a4 16. Nbd2 Nb4 17. Bb1 a3 18. Qb3 axb2 19. Qxb2 Na6 20. Qxb5 Qc3 21. Nb3
Bd7 22. Qd3 Qxd3 23. Bxd3 Nb4 24. Bb1 Rfb8 25. Nbd2 exd4 26. Nxd4 d5 27. Rc1
dxe4 28. Nxe4 Nfd5 29. Bd2 g6 30. Bg5 Bf8 31. Nf6+ Nxf6 32. Bxf6 Rc8 33. Rxc8
Rxc8 34. Be4 Rc4 35. Bf3 Bc5 36. Nb3 Ba7 37. Rd1 Be8 38. Rd8 Kf8 39. Ra8 Rf4
40. Rxa7 Rxf6 41. a4 Re6 42. a5 Kg7 43. Ra8 Bc6 44. Bxc6 Rxc6 45. Nd4 Rc1+ 46.
Kh2 Ra1 47. Nb3 Rb1 48. Nc5 Ra1 49. Nb3 Rb1 1/2-1/2

[Event "XXXII C.to Italiano femminile"]
[Site "Bratto - Castione della Presolana ITA"]
[Date "2005.08.27"]
[Round "8"]
[White "Di Cerbo, Giulia"]
[Black "Panella, Fiammetta"]
[Result "1/2-1/2"]
[WhiteElo "1763"]
[BlackElo "1922"]
[PlyCount "158"]
[EventDate "2005.08.20"]

1. d4 d5 2. Nf3 Nf6 3. Bf4 g6 4. e3 Bg7 5. c3 O-O 6. Be2 Nbd7 7. O-O c5 8. Nbd2
Nh5 9. Bg3 Nxg3 10. hxg3 e6 11. Qc2 b6 12. Rfe1 Bb7 13. Rad1 Rc8 14. Kh2 f5 15.
Rh1 g5 16. Kg1 g4 17. Ne1 Qg5 18. Nd3 cxd4 19. exd4 Rf6 20. Nf4 Rh6 21. Rxh6
Qxh6 22. Qa4 Bc6 23. Bb5 Bxb5 24. Qxb5 Nf8 25. Re1 Qf6 26. Nb3 Bh6 27. Nd3 Rc7
28. Nbc1 f4 29. Nxf4 Bxf4 30. gxf4 Qxf4 31. Qe2 Rg7 32. Qe3 Qf6 33. Nd3 Qh4 34.
g3 Qf6 35. Nf4 Rf7 36. Qe5 Qxe5 37. Rxe5 Rf6 38. Rg5+ Ng6 39. Rxg4 Kf7 40. Nxg6
hxg6 41. Kg2 Ke7 42. Rg5 Rf8 43. Re5 Kf6 44. Re3 Rc8 45. g4 b5 46. g5+ Kf7 47.
Rf3+ Kg7 48. Rf6 Re8 49. f4 a5 50. Kg3 b4 51. Kg4 Re7 52. cxb4 axb4 53. Kf3 Ra7
54. Rxe6 Rxa2 55. Re2 Kf7 56. Kf2 b3 57. Kf3 Ra1 58. Ke3 Ke6 59. Kd3+ Kf5 60.
Re5+ Kxf4 61. Rxd5 Ra8 62. Rb5 Re8 63. Kc4 Re4 64. Rxb3 Kxg5 65. Kc5 Kf5 66.
Rd3 Re2 67. b4 Rc2+ 68. Kb5 Ke4 69. Rd1 Kd5 70. Rg1 Kxd4 71. Rxg6 Kd5 72. Rg5+
Kd6 73. Ka5 Kc7 74. Rc5+ Rxc5+ 75. bxc5 Kc6 76. Kb4 Kc7 77. Kb5 Kb7 78. c6+ Kc8
79. Kb6 Kb8 1/2-1/2

[Event "XXXII C.to Italiano femminile"]
[Site "Bratto - Castione della Presolana ITA"]
[Date "2005.08.27"]
[Round "8"]
[White "Fittante, Giuliana"]
[Black "Tonel, Giulia"]
[Result "1-0"]
[WhiteElo "1879"]
[BlackElo "1793"]
[PlyCount "47"]
[EventDate "2005.08.20"]

1. d4 Nf6 2. Nf3 e6 3. Bg5 d5 4. e3 Be7 5. Bd3 O-O 6. Nbd2 b6 7. O-O Bb7 8. c3
c5 9. Ne5 Nfd7 10. Bf4 Nc6 11. Bg3 Ncxe5 12. dxe5 f6 13. exf6 Bxf6 14. e4 g6
15. Qg4 Qe7 16. Rae1 Qf7 17. e5 Bg7 18. Nf3 Bh6 19. h4 Rae8 20. h5 Kg7 21. hxg6
hxg6 22. Nh4 g5 23. f4 Kh8 24. Ng6+ 1-0

[Event "XXXII C.to Italiano femminile"]
[Site "Bratto - Castione della Presolana ITA"]
[Date "2005.08.27"]
[Round "8"]
[White "Reginato, Sabrina"]
[Black "Brunello, Roberta"]
[Result "0-1"]
[WhiteElo "1670"]
[BlackElo "1837"]
[PlyCount "64"]
[EventDate "2005.08.20"]

1. e4 e5 2. Nf3 Nc6 3. d4 exd4 4. Nxd4 Bc5 5. Be3 Qf6 6. c3 Nge7 7. Bc4 Ne5 8.
Be2 Qg6 9. Bf3 Nxf3+ 10. Qxf3 Bb6 11. O-O O-O 12. Nd2 d6 13. Nc4 Bg4 14. Qg3
Qxe4 15. f3 Qd3 16. Qxg4 Qxc4 17. Bh6 Ng6 18. Be3 Rfe8 19. Bf2 Ne5 20. Qg3 Nd3
21. Kh1 Nxf2+ 22. Rxf2 Bxd4 23. cxd4 Qxd4 24. Rc1 Qe5 25. Qg4 c6 26. Qb4 Re7
27. Rff1 Rae8 28. h3 Qg3 29. Rcd1 d5 30. a3 h6 31. b3 Re2 32. Rd2 Qxg2# 0-1

[Event "XXXII C.to Italiano femminile"]
[Site "Bratto - Castione della Presolana ITA"]
[Date "2005.08.27"]
[Round "8"]
[White "Rigo, Caterina"]
[Black "Matta, Francesca"]
[Result "0-1"]
[WhiteElo "1718"]
[BlackElo "1860"]
[PlyCount "132"]
[EventDate "2005.08.20"]

1. e4 e5 2. Nf3 Nc6 3. Bc4 Bc5 4. Nc3 d6 5. h3 Nf6 6. d3 h6 7. O-O O-O 8. a3
Be6 9. Ba2 Bxa2 10. Rxa2 Nd7 11. Na4 f5 12. Nxc5 Nxc5 13. exf5 Rxf5 14. Be3 Ne6
15. c3 Qf6 16. Nh2 Qf7 17. Ra1 Nf4 18. Bxf4 Rxf4 19. Qd2 Re8 20. Rae1 e4 21.
dxe4 Rfxe4 22. Rxe4 Rxe4 23. Re1 Qe6 24. Rxe4 Qxe4 25. Nf3 Kf7 26. Qd1 Qe6 27.
Qa4 Qd5 28. Qf4+ Kg8 29. Qc1 Ne5 30. Nxe5 Qxe5 31. Qd1 Qb5 32. Qc2 Kf7 33. Qd2
Kg6 34. Qc2+ Qf5 35. Qd1 d5 36. Qe2 c6 37. Qd1 Qe4 38. Kf1 c5 39. Kg1 d4 40.
cxd4 cxd4 41. Kf1 Kf5 42. Qh5+ Kf6 43. Qd1 d3 44. Qd2 g5 45. Qc3+ Kf5 46. Qc5+
Qe5 47. Qxe5+ Kxe5 48. Ke1 Kd4 49. Kd2 b5 50. b3 a5 51. f3 h5 52. g3 h4 53.
gxh4 gxh4 54. f4 Ke4 55. f5 Kxf5 56. Kxd3 Kf4 57. Kd4 Kg3 58. Ke3 Kxh3 59. Kf3
Kh2 60. Kg4 Kg2 61. Kxh4 Kf3 62. Kg5 Ke4 63. Kf6 Kd4 64. Ke6 Kc3 65. Kd5 Kxb3
66. Kc5 b4 0-1

[Event "XXXII C.to Italiano femminile"]
[Site "Bratto - Castione della Presolana ITA"]
[Date "2005.08.27"]
[Round "8"]
[White "Tomba, Patrizia"]
[Black "Borsato, Chiara"]
[Result "1-0"]
[WhiteElo "1622"]
[BlackElo "1649"]
[PlyCount "69"]
[EventDate "2005.08.20"]

1. e4 g6 2. d4 d6 3. Nc3 Bg7 4. Be3 Nf6 5. h3 O-O 6. Qd2 Nbd7 7. Bh6 e5 8. d5
Nc5 9. f3 Nh5 10. O-O-O Ng3 11. Rh2 f5 12. Bxg7 Kxg7 13. Nge2 Qh4 14. Nxg3 Qxg3
15. Rh1 fxe4 16. fxe4 Qf4 17. Qxf4 Rxf4 18. Re1 a6 19. b4 Nd7 20. Bd3 Nf6 21.
Rhf1 Rxf1 22. Rxf1 Bd7 23. Be2 Rf8 24. a3 c6 25. Kd2 cxd5 26. exd5 Bf5 27. g4
Be4 28. Rxf6 Kxf6 29. Nxe4+ Ke7 30. c4 Rf4 31. Kd3 Kd7 32. Ke3 Rf8 33. g5 Ke7
34. c5 dxc5 35. bxc5 1-0

[Event "XXXII C.to Italiano femminile"]
[Site "Bratto - Castione della Presolana ITA"]
[Date "2005.08.27"]
[Round "8"]
[White "Varagnolo, Silvia"]
[Black "Zanaboni, Alessandra"]
[Result "1-0"]
[WhiteElo "1643"]
[BlackElo "1599"]
[PlyCount "29"]
[EventDate "2005.08.20"]

1. e4 c5 2. Nc3 d6 3. g3 g6 4. Bg2 Bg7 5. d3 e6 6. Be3 Ne7 7. Qd2 Nbc6 8. Bh6
O-O 9. h4 d5 10. h5 Rb8 11. Nf3 b5 12. Bxg7 Kxg7 13. hxg6 Rh8 14. Qh6+ Kg8 15.
gxh7+ 1-0

[Event "XXXII C.to Italiano femminile"]
[Site "Bratto - Castione della Presolana ITA"]
[Date "2005.08.27"]
[Round "8"]
[White "Vocaturo, Ilaria"]
[Black "Merendino, Elda"]
[Result "1-0"]
[WhiteElo "1448"]
[BlackElo "1556"]
[PlyCount "91"]
[EventDate "2005.08.20"]

1. d4 d6 2. Nf3 Nf6 3. Bg5 g6 4. c4 Bg7 5. Nc3 O-O 6. e4 Nbd7 7. Be2 c5 8. d5
Re8 9. O-O Ng4 10. Qd2 Nb6 11. h3 Ne5 12. Nxe5 Bxe5 13. f4 Bg7 14. Rae1 f6 15.
Bh4 Bh6 16. Qd1 Nd7 17. Bg4 Rf8 18. Qd3 Kh8 19. Bg3 Bg7 20. f5 g5 21. b3 Nb8
22. h4 h6 23. hxg5 hxg5 24. Bf2 Bd7 25. Qh3+ Kg8 26. Bh5 Be8 27. Bg6 Bxg6 28.
fxg6 Rf7 29. gxf7+ Kf8 30. Qh5 Nd7 31. Bg3 Ne5 32. Bxe5 dxe5 33. Re3 Qd7 34.
Rh3 e6 35. dxe6 Qxe6 36. Nd5 Rc8 37. Qg6 Qxf7 38. Qxf7+ Kxf7 39. Rd3 Rc6 40.
Nc3 Ke6 41. Rfd1 b6 42. Rd7 Bf8 43. Rxa7 g4 44. Nd5 f5 45. exf5+ Kxf5 46. Rf1+
1-0

[Event "XXXII C.to Italiano femminile"]
[Site "Bratto - Castione della Presolana ITA"]
[Date "2005.08.28"]
[Round "9"]
[White "Borsato, Chiara"]
[Black "Lai, Silvia"]
[Result "0-1"]
[WhiteElo "1649"]
[BlackElo "1748"]
[PlyCount "88"]
[EventDate "2005.08.20"]

1. e4 d5 2. exd5 Qxd5 3. Nc3 Qd6 4. d4 Nf6 5. Nf3 a6 6. Be2 Nc6 7. a3 Bf5 8.
Be3 O-O-O 9. Qd2 e5 10. O-O-O exd4 11. Nxd4 Nxd4 12. Qxd4 Qxd4 13. Bxd4 Be7 14.
Rhe1 Rhe8 15. h3 h6 16. Bc4 Bg6 17. g4 b5 18. Ba2 c5 19. Be5 Rxd1+ 20. Rxd1 Bd8
21. f4 c4 22. f5 Rxe5 23. fxg6 fxg6 24. Kd2 Ba5 25. Kc1 Bxc3 26. bxc3 Kc7 27.
a4 Re3 28. Rh1 Ne4 29. axb5 axb5 30. Kb2 Nxc3 31. Bb1 Kd6 32. h4 b4 33. Rf1 Ke6
34. Rf4 Re4 35. Rxe4+ Nxe4 36. Ba2 Kd5 37. Kc1 Nc3 38. Kb2 Kd4 39. Bb1 Nxb1 40.
Kxb1 Kc3 41. Kc1 b3 42. cxb3 cxb3 43. Kb1 b2 44. h5 g5 0-1

[Event "XXXII C.to Italiano femminile"]
[Site "Bratto - Castione della Presolana ITA"]
[Date "2005.08.28"]
[Round "9"]
[White "Brunello, Roberta"]
[Black "Arnetta, Maria Teresa"]
[Result "0-1"]
[WhiteElo "1837"]
[BlackElo "2004"]
[PlyCount "54"]
[EventDate "2005.08.20"]

1. e4 c5 2. Nf3 Nc6 3. d4 cxd4 4. Nxd4 Nf6 5. Nc3 e5 6. Ndb5 d6 7. Bg5 a6 8.
Na3 b5 9. Nd5 Be7 10. Bxf6 Bxf6 11. c3 Bg5 12. Nc2 Be6 13. a4 Rb8 14. axb5 axb5
15. Ncb4 Nxb4 16. Nxb4 Rb6 17. Nd5 Rb7 18. Ra6 O-O 19. Nb4 Rb6 20. Nc6 Qc7 21.
Rxb6 Qxb6 22. Qxd6 Qb7 23. f3 Rc8 24. Nb4 Qa7 25. Qd3 Bc4 26. Qc2 Qe3+ 27. Be2
Ra8 0-1

[Event "XXXII C.to Italiano femminile"]
[Site "Bratto - Castione della Presolana ITA"]
[Date "2005.08.28"]
[Round "9"]
[White "Costariol, Elena"]
[Black "Varagnolo, Silvia"]
[Result "1/2-1/2"]
[WhiteElo "1605"]
[BlackElo "1643"]
[PlyCount "33"]
[EventDate "2005.08.20"]

1. e4 c6 2. d4 d5 3. e5 Bf5 4. Nc3 e6 5. g4 Bg6 6. h4 h6 7. Be2 c5 8. Nf3 Nc6
9. Be3 cxd4 10. Bxd4 Nge7 11. h5 Bh7 12. Qd2 Nxd4 13. Nxd4 Nc6 14. Nxc6 bxc6
15. O-O-O Rb8 16. Rh3 Bb4 17. Qf4 1/2-1/2

[Event "XXXII C.to Italiano femminile"]
[Site "Bratto - Castione della Presolana ITA"]
[Date "2005.08.28"]
[Round "9"]
[White "Di Cerbo, Giulia"]
[Black "Ambrosi, Eleonora"]
[Result "1/2-1/2"]
[WhiteElo "1763"]
[BlackElo "2118"]
[PlyCount "57"]
[EventDate "2005.08.20"]

1. d4 d5 2. Nf3 Nc6 3. Bf4 Bg4 4. Nbd2 e6 5. e3 Bd6 6. Bg3 Nf6 7. Be2 O-O 8.
O-O Bxg3 9. hxg3 Qd6 10. c4 a5 11. Rc1 h6 12. Re1 Bf5 13. cxd5 exd5 14. Qb3
Rfb8 15. Rc3 a4 16. Qa3 Nb4 17. Rec1 c6 18. Ne5 Qf8 19. Rc5 Na6 20. Bxa6 Rxa6
21. R5c3 Qd8 22. Nd3 Bxd3 23. Rxd3 Ra5 24. Rc5 Rba8 25. Qb4 Rxc5 26. Qxc5 Ra5
27. Qa3 Rb5 28. b3 axb3 29. Rxb3 1/2-1/2

[Event "XXXII C.to Italiano femminile"]
[Site "Bratto - Castione della Presolana ITA"]
[Date "2005.08.28"]
[Round "9"]
[White "Matta, Francesca"]
[Black "Chierici, Marianna"]
[Result "1-0"]
[WhiteElo "1860"]
[BlackElo "1700"]
[PlyCount "113"]
[EventDate "2005.08.20"]

1. e4 d6 2. d4 Nf6 3. Nc3 e5 4. dxe5 dxe5 5. Qxd8+ Kxd8 6. Nf3 Nbd7 7. Bc4 Bb4
8. Ng5 Ke7 9. f3 h6 10. Nh3 Nb6 11. Bd3 a5 12. Bd2 c6 13. Nf2 Nbd7 14. a3 Bc5
15. O-O g5 16. Kh1 Nf8 17. Na4 Ba7 18. Nh3 b5 19. Nc3 Ng6 20. Ne2 Bb6 21. Ng3
Kd7 22. Nf5 Ne8 23. Be3 Bxe3 24. Nxe3 Ng7 25. Rfd1 Ke7 26. Nf2 Bd7 27. c4 b4
28. Bc2 Nf4 29. Nfg4 f6 30. Nxf6 Be6 31. Nfg4 Ng6 32. Nf5+ Bxf5 33. exf5 h5 34.
f6+ Kf7 35. fxg7 Kxg7 36. Rd7+ Kf8 37. Bxg6 hxg4 38. fxg4 Rh6 39. Rf1+ Kg8 40.
Be4 bxa3 41. bxa3 Rb8 42. Bxc6 Rxc6 43. Re7 Rxc4 44. Rxe5 Rxg4 45. Rxa5 Rb2 46.
Rg1 Ra2 47. Ra7 Rf4 48. Rb1 Rb2 49. Rg1 Kf8 50. h3 Ke8 51. Rg7 Rf5 52. a4 Kf8
53. Ra7 Ke8 54. a5 Kd8 55. a6 Rf6 56. Ra1 Rfb6 57. Rg7 1-0

[Event "XXXII C.to Italiano femminile"]
[Site "Bratto - Castione della Presolana ITA"]
[Date "2005.08.28"]
[Round "9"]
[White "Mosca, Giulia"]
[Black "Brunello, Marina"]
[Result "0-1"]
[WhiteElo "1566"]
[BlackElo "1667"]
[PlyCount "72"]
[EventDate "2005.08.20"]

1. d4 d5 2. Nf3 Nf6 3. e3 Nbd7 4. Bd3 e6 5. Nbd2 c5 6. c3 Bd6 7. O-O O-O 8. Qe2
Qc7 9. e4 dxe4 10. Nxe4 Nxe4 11. Bxe4 cxd4 12. cxd4 Nf6 13. Bc2 b6 14. Ne5 Bb7
15. Bg5 Be7 16. Rac1 Qd6 17. Bxf6 Bxf6 18. Be4 Bxe4 19. Qxe4 Rfd8 20. Nc6 Re8
21. Ne5 Rad8 22. Rfd1 g6 23. b3 a5 24. g3 Qd5 25. Qf4 Kg7 26. Rc7 Rf8 27. Rcc1
h6 28. h4 a4 29. bxa4 Qxa2 30. Ra1 Qb3 31. Rdb1 Qc3 32. Rd1 Rd5 33. Rab1 Qc2
34. Ra1 Bxe5 35. Rdc1 Bxf4 36. Rxc2 Bd6 0-1

[Event "XXXII C.to Italiano femminile"]
[Site "Bratto - Castione della Presolana ITA"]
[Date "2005.08.28"]
[Round "9"]
[White "Panella, Fiammetta"]
[Black "De Rosa, Mariagrazia"]
[Result "1/2-1/2"]
[WhiteElo "1922"]
[BlackElo "2100"]
[PlyCount "58"]
[EventDate "2005.08.20"]

1. e4 c5 2. Nf3 d6 3. d4 cxd4 4. Nxd4 Nf6 5. Nc3 a6 6. f4 e6 7. Bd3 g6 8. Nf3
Bg7 9. O-O O-O 10. a4 Nc6 11. h3 Re8 12. g4 Nb4 13. Be3 b6 14. Qd2 Bb7 15. Qf2
Nd7 16. Rad1 Qc7 17. h4 Rac8 18. h5 Nc5 19. hxg6 fxg6 20. Qh4 Qe7 21. Qh3 Rf8
22. Rf2 Nbxd3 23. cxd3 e5 24. Rh2 Bf6 25. f5 gxf5 26. gxf5 Rf7 27. Kh1 Kf8 28.
Rg2 Ke8 29. Ng5 Rg7 1/2-1/2

[Event "XXXII C.to Italiano femminile"]
[Site "Bratto - Castione della Presolana ITA"]
[Date "2005.08.28"]
[Round "9"]
[White "Reginato, Sabrina"]
[Black "Tomba, Patrizia"]
[Result "1-0"]
[WhiteElo "1670"]
[BlackElo "1622"]
[PlyCount "89"]
[EventDate "2005.08.20"]

1. e4 e5 2. Nf3 Nc6 3. d4 exd4 4. Nxd4 Bc5 5. Be3 Nxd4 6. Bxd4 Bxd4 7. Qxd4 Qf6
8. c3 Qxd4 9. cxd4 d6 10. Nc3 c6 11. Bc4 Ne7 12. O-O O-O 13. Rfd1 b5 14. Bb3
Bb7 15. d5 Rad8 16. dxc6 Bxc6 17. Rac1 a5 18. Bd5 b4 19. Bxc6 Nxc6 20. Nb5 Ne5
21. Rxd6 Rxd6 22. Nxd6 g6 23. f3 Rd8 24. Nb7 Rd2 25. Nxa5 Rxb2 26. Nc4 Nxc4 27.
Rxc4 Kg7 28. h4 h6 29. Kh2 Kf6 30. Kh3 Ke5 31. g3 g5 32. hxg5 hxg5 33. Kg4 f6
34. Kh5 Rh2+ 35. Kg6 Rxa2 36. Rxb4 Ra3 37. Rb5+ Kd4 38. Rf5 g4 39. fxg4 Rxg3
40. Kxf6 Kxe4 41. g5 Rg1 42. g6 Rg2 43. Rg5 Rf2+ 44. Ke6 Rf8 45. g7 1-0

[Event "XXXII C.to Italiano femminile"]
[Site "Bratto - Castione della Presolana ITA"]
[Date "2005.08.28"]
[Round "9"]
[White "Rigo, Caterina"]
[Black "Fittante, Giuliana"]
[Result "0-1"]
[WhiteElo "1718"]
[BlackElo "1879"]
[PlyCount "66"]
[EventDate "2005.08.20"]

1. e4 Nf6 2. e5 Nd5 3. c4 Nb6 4. d4 d6 5. f4 dxe5 6. fxe5 c5 7. Nf3 Bg4 8. Be2
cxd4 9. b3 Nc6 10. O-O e6 11. Ng5 Bxe2 12. Qxe2 Bc5 13. Qe4 d3+ 14. Kh1 Qd4 15.
Qxd4 Bxd4 16. Nxf7 Rf8 17. Nd6+ Kd7 18. Rd1 Bxa1 19. Ba3 Rf2 20. Ne4 Rxa2 21.
Rxd3+ Bd4 22. Nc5+ Ke7 23. Nxb7+ Rxa3 24. Nxa3 Rf8 25. Rd1 Bxe5 26. Nb5 a6 27.
Na3 Nd4 28. c5 Nd5 29. Na5 Ne3 30. Re1 Bc7 31. Nb7 Rf2 32. Kg1 Rxg2+ 33. Kh1
Rxh2+ 0-1

[Event "XXXII C.to Italiano femminile"]
[Site "Bratto - Castione della Presolana ITA"]
[Date "2005.08.28"]
[Round "9"]
[White "Santurbano, Maria Vincenza"]
[Black "Sautto, Alessandra"]
[Result "1/2-1/2"]
[WhiteElo "2001"]
[BlackElo "1958"]
[PlyCount "47"]
[EventDate "2005.08.20"]

1. e4 e6 2. d4 d5 3. Nc3 dxe4 4. Nxe4 Bd7 5. Nf3 Bc6 6. Bd3 Nd7 7. O-O Ngf6 8.
Qe2 Nxe4 9. Bxe4 Bxe4 10. Qxe4 c6 11. Re1 Nf6 12. Qd3 Qc7 13. c4 Be7 14. a3 O-O
15. Bg5 Rad8 16. Rad1 Rfe8 17. Qe2 h6 18. Bh4 Nh5 19. Ne5 Bxh4 20. Qxh5 Bf6 21.
b4 Bxe5 22. dxe5 Rxd1 23. Qxd1 Rd8 24. Qc2 1/2-1/2

[Event "XXXII C.to Italiano femminile"]
[Site "Bratto - Castione della Presolana ITA"]
[Date "2005.08.28"]
[Round "9"]
[White "Tonel, Giulia"]
[Black "Vocaturo, Ilaria"]
[Result "1/2-1/2"]
[WhiteElo "1793"]
[BlackElo "1448"]
[PlyCount "21"]
[EventDate "2005.08.20"]

1. e4 e5 2. Nf3 Nf6 3. d3 Nc6 4. g3 d5 5. Nbd2 Bc5 6. Bg2 O-O 7. O-O Re8 8. c3
Bg4 9. Qc2 Qd7 10. Re1 Rad8 11. b4 1/2-1/2

[Event "XXXII C.to Italiano femminile"]
[Site "Bratto - Castione della Presolana ITA"]
[Date "2005.08.28"]
[Round "9"]
[White "Zanaboni, Alessandra"]
[Black "Merendino, Elda"]
[Result "1-0"]
[WhiteElo "1599"]
[BlackElo "1556"]
[PlyCount "32"]
[EventDate "2005.08.20"]

1. e4 d6 2. d4 Nf6 3. Nc3 g6 4. f4 Nbd7 5. Nf3 c5 6. e5 cxd4 7. Qxd4 Nh5 8. e6
Ndf6 9. Bb5+ Bd7 10. exd7+ Nxd7 11. Qxh8 Nhf6 12. f5 a6 13. Bh6 axb5 14. fxg6
fxg6 15. Ng5 Qb6 16. Ne6 Qe3+ 1-0